Glossary of Navigation; A Vade mecum for practical navigators (Record no. 5237)

000 -LEADER
fixed length control field 00311nam a2200109Ia 4500
008 - FIXED-LENGTH DATA ELEMENTS--GENERAL INFORMATION
fixed length control field 201210s9999 xx 000 0 und d
100 ## - MAIN ENTRY--PERSONAL NAME
Personal name Harbord, Rev. J.B.
245 #0 - TITLE STATEMENT
Title Glossary of Navigation; A Vade mecum for practical navigators
260 ## - PUBLICATION, DISTRIBUTION, ETC.
Place of publication, distribution, etc. Glasgow
Name of publisher, distributor, etc. Brown Son & Ferguson
Date of publication, distribution, etc. 1977
300 ## - PHYSICAL DESCRIPTION
Extent 451
942 ## - ADDED ENTRY ELEMENTS (KOHA)
Koha item type Books
Holdings
Withdrawn status Lost status Damaged status Not for loan Permanent Location Date acquired Full call number Barcode Date last seen Price effective from Koha item type
        IMU Kolkata 2020-12-10 623.803 H2556 PM00135 2020-12-10 2020-12-10 Books
Designed and Maintained by IMU-KC Library, Kolkata Campus © Copyright All Rights Reserved

webs counters

Powered by Koha